LEADER 01023nam a2200241 u 4500 001 000000008208 003 CaOOAMICUS 005 20070226105053.0 008 940516s1920 it u000 u ita u 035 $a10211607 040 $aPUL(R)$bita 100 1 $aProudhon, Pierre Joseph,$d1809-1865.$0(OLS)http://pul/name/8215 245 13$aLa capacità politica delle classi operaie /$cP.G. Proudhon ; ed. italiana a cura di Giulio Pierangeli. 260 $aCittà di Castello :$bIl Solco,$c1920. 300 $a302 p. ;$c19 cm 650 4$aPolitica.$0(OLS)http://pul/subject/480 700 1 $aPierangeli, Giulio.$0(OLS)http://pul/name/8216 850 $aPUL 852 $aPUL$W1$xDP1 Cons. Gen., Altre Classi 1$y22$m921 F 30$j11605$nBK-PRI$b $qStampati$B11605$CPULBib$Z2$F11605 $H $81 941 1 $a8 961 $aINV: 14420 996 $6245$aLa capacità politica delle classi operaie$9(OLS)http://pul/title/11995 996 $6260$aCittà di Castello :$bIl Solco$9(OLS)http://pul/publisher/52006 LEADER 01228nam a2200301 a 4500 001 000000137438 003 CaOOAMICUS 005 20140224094816.0 008 140224s2004 fr 000 u fre r 020 $a2-85385-256-3 040 $aPUL$bita 100 1 $aSentis, Laurent,$csac.,$d1950-$0(OLS)http://pul/name/10640 245 10$aDe l'utilité des vertus /$cLaurent Sentis ; preface de Mgr Rey. 260 $aParis :$bBeauchesne,$c©2004. 300 $aVIII, 403 p. ;$c22 cm 490 1 $aLe point théologique ;$v61 500 $aComplemento del tit. in cop.: Ethique et alliance. 504 $aBibliografia in nota. 650 14$aVirtù.$0(OLS)http://pul/subject/18910 700 1 $aRey, Dominique.$0(OLS)http://pul/name/88572 830 3$aLe point théologique ;$v61.$0(OLS)http://pul/title/10197 850 $aPUL 852 $aPUL$W1$xSL Religione 2$y84$mTheol A14 61$j158436$qStampati Altre Collocazioni$B157955$CPULBib$Z2$F157955 $H123494 $82 941 1 $a10 996 $6020$a2-85385-256-3$9(OLS)http://pul/number/154543 996 $6245$aDe l'utilité des vertus$9(OLS)http://pul/title/173999 996 $6260$aParis :$bBeauchesne$9(OLS)http://pul/publisher/48115